Types of puffles Quiz Stats

 Plays Quiz not verified by Sporcle

Challenge
Share
Tweet
Embed
Score 0/10 Timer 05:00
0 Plays Today
Club Penguin % Correct
Red
100%
Yellow
100%
Green
100%
Purple
100%
Blue
100%
Orange
95.7%
Pink
95.7%
Black
95.7%
White
95.7%
Brown
91.3%

You're not logged in!

Compare scores with friends on all Sporcle quizzes.
Join for Free
OR
Log In

You Might Also Like...

Show Comments

Extras

Created Apr 11, 2011ReportNominate
Tags:club, penguin

Top Quizzes Today


Score Distribution

Your Account Isn't Verified!

In order to create a playlist on Sporcle, you need to verify the email address you used during registration. Go to your Sporcle Settings to finish the process.

Report this User

Report this user for behavior that violates our Community Guidelines.

Details: